| 000 | 00562nam a22001937a 4500 | ||
|---|---|---|---|
| 003 | OSt | ||
| 005 | 20151103160844.0 | ||
| 008 | 151103b xxu||||| |||| 00| 0 eng d | ||
| 020 | _a0273628232 | ||
| 040 | _cDDC | ||
| 082 |
_a658.3 _bSPA;1998; |
||
| 100 |
_aSparrow,Paul; Marchington, Mick; _95962 |
||
| 245 |
_aHuman Resource Management _bTHE NEW AGENDA |
||
| 260 |
_aLondon, New york _bFT,Prentice Hall _c1998 |
||
| 300 |
_axix,346p; _bill; _c32cm |
||
| 504 | _aincludes references and indexes | ||
| 650 |
_aHuman Resource Management _95317 |
||
| 942 |
_2ddc _cSLOAN |
||
| 999 |
_c2399 _d2399 |
||